| 000 | 01297 a2200265 4500 | ||
|---|---|---|---|
| 003 | OSt | ||
| 005 | 20180116182746.0 | ||
| 008 | 160427b xxu||||| |||| 00| 0 eng d | ||
| 020 | _a0471498173 | ||
| 020 | _a9780471498179 | ||
| 040 | _c0 | ||
| 082 | 0 | 4 | _a332.6015118 |
| 100 | _aWilmott, Paul. | ||
| 245 | 0 | 0 | _aNew directions in mathematical finance. |
| 250 | _a1st ed. | ||
| 260 |
_a[S.l.] : _bWiley, _c2002. |
||
| 300 |
_a256 p. ; _c26 cm. |
||
| 500 | _aHardcover. | ||
| 520 | _aNew ideas in quantitative finance are always welcome, especially so in recent years as new techniques have steadily gained in popularity and old techniques have become more sophisticated. This book features new contributions from many highly regarded individuals, collected together by Paul Wilmott and Henrik Rasmussen. Subjects featured include new techniques for: Risk Management Equity Modelling Interest Rate Modelling This book is a worthy addition to the canon of literature on quantitative finance. | ||
| 700 | 1 | _aWilmott, Paul. | |
| 700 | 1 | _aRasmussen, Henrik. | |
| 856 | 4 | 0 |
_3Amazon.com _uhttp://www.amazon.com/exec/obidos/ASIN/0471498173/chopaconline-20 |
| 856 | 4 | 0 |
_3Amazon customer reviews _uhttp://www.chopac.org/cgi-bin/tools/azrev.pl?q=0471498173 |
| 942 |
_aNBS _cBK _k332.6015118 FIN _2ddc |
||
| 999 |
_c345489 _d345489 |
||